Desarrollo de habilidades de comunicación
Zapisane w:
| Główni autorzy: | , , , , |
|---|---|
| Kolejni autorzy: | |
| Format: | Książka |
| Język: | hiszpański |
| Wydane: |
Santiago
Universidad Católica de Chile
1997
|
| Wydanie: | 1a. ed |
| Seria: | Colección Monografías en Educación
|
| Hasła przedmiotowe: | |
| Etykiety: |
Dodaj etykietę
Nie ma etykietki, Dołącz pierwszą etykiete!
|
MARC
| LEADER | 00000nam a2200000 a 4500 | ||
|---|---|---|---|
| 001 | UCQ2566 | ||
| 003 | CL-VaPUC | ||
| 008 | 980724e19970000CL |||||||||||||||||spa|d | ||
| 020 | |a 9561404516 | ||
| 082 | 0 | 4 | |a 302.2 |b UND |2 21 |
| 100 | 0 | |a Undurraga Mackenna, Gonzalo |e author |9 416507 | |
| 700 | 0 | |a Astudillo Castro, Eduardo |e author |9 416508 | |
| 700 | 0 | |a Astudillo Castro, Osvaldo |e author |9 416509 | |
| 700 | 0 | |a Farías Aliaga, Roberto |e author |9 416510 | |
| 700 | |a Manterola Pacheco, Marta |e autora |9 540301 | ||
| 700 | 0 | |a Pereira López, Manuel |e author |9 416512 | |
| 245 | 1 | 0 | |a Desarrollo de habilidades de comunicación |
| 250 | |a 1a. ed | ||
| 300 | |a 151 p | ||
| 942 | |c BK | ||
| 945 | |d 19980724 00:00:00 |a aarredon | ||
| 260 | |a Santiago |b Universidad Católica de Chile |c 1997 | ||
| 650 | 0 | |a Comunicación |9 257251 | |
| 650 | 0 | |a Educación |9 258661 | |
| 650 | 7 | |a HABILIDADES |2 CL-VaPUC |9 369250 | |
| 650 | 7 | |a DESARROLLO |2 CL-VaPUC |9 258144 | |
| 583 | |a last modification |c 19980724 00:00:00 |k Rodrigo Vera | ||
| 490 | 0 | |a Colección Monografías en Educación | |
| 999 | |c 273370 |d 273368 | ||
| 952 | |0 0 |1 0 |4 0 |6 302_200000000000000_UND_1997 |7 0 |8 A |9 308870 |a BIBGIM |b BIBGIM |d 2019-11-20 |i 3444937 |o 302.2 UND 1997 |p 3444937 |r 2025-01-15 |w 2019-11-20 |y BK |k SSL | ||
| 952 | |0 0 |1 0 |4 0 |6 302_200000000000000_UND_1997 |7 0 |8 A |9 308871 |a BIBGIM |b BIBGIM |d 2019-11-20 |i 3444945 |o 302.2 UND 1997 |p 3444945 |r 2025-01-15 |w 2019-11-20 |y BK |k SSL | ||
| 952 | |0 0 |1 0 |4 0 |6 302_200000000000000_UND_1997 |7 0 |8 A |9 308872 |a BIBGIM |b BIBGIM |d 2019-11-20 |i 3446344 |o 302.2 UND 1997 |p 3446344 |r 2025-01-15 |w 2019-11-20 |y BK |k SSL | ||